Statistiken für 5 Treffer an der Torwand

Klicken Sie hier um das Quiz zu spielen!

Allgemein

  • Dieses Quiz wurde 23 mal gespielt
  • Das Durchschnittsergebnis liegt bei 3 aus 9

Antwortstatistiken

JahrVereinPositionAntwort% Korrekt
1985Werder BremenSTRudi Völler
73%
1974Real MadridMFGünter Netzer
64%
1999Werder BremenTWFrank Rost
45%
1999Hamburger SVTrainerFrank Pagelsdorf
36%
2019SV StraelenTrainerinInka Grings
23%
1995VfB StuttgartTrainerRolf Fringer
14%
1988Werder BremenMFGünter Hermann
9%
1991Bayer LeverkusenTrainerReinhard Saftig
9%
1994Eintracht FrankfurtSTMatthias Becker
5%

Verteilung der Resultate

Perzentil nach korrekt beantworteten Fragen

Anzahl Personen mit jedem Resultat

Ihre Resultats-Entwicklung

Sie haben dieses Quiz noch nicht gespielt